8051 Microcontroller (Record no. 297035)

MARC details
000 -LEADER
fixed length control field 00460nam a2200169Ia 4500
008 - FIXED-LENGTH DATA ELEMENTS--GENERAL INFORMATION
fixed length control field 230718s9999 xx 000 0 und d
041 ## - LANGUAGE CODE
Language code of text/sound track or separate title eng
082 ## - DEWEY DECIMAL CLASSIFICATION NUMBER
Classification number 004.165
Item number AYA
100 ## - MAIN ENTRY--PERSONAL NAME
Personal name Ayala K.J.
245 ## - TITLE STATEMENT
Title 8051 Microcontroller
Remainder of title Architecture Programming And Applications
250 ## - EDITION STATEMENT
Edition statement 2nd ed.
260 ## - PUBLICATION, DISTRIBUTION, ETC. (IMPRINT)
Date of publication, distribution, etc. 1996
Name of publisher, distributor, etc. Penram International Pub.
300 ## - PHYSICAL DESCRIPTION
Extent 367
365 ## - TRADE PRICE
Currency code Rs.
Price amount 210.00
700 ## - ADDED ENTRY--PERSONAL NAME
Personal name Ayala K.J.
906 ## - LOCAL DATA ELEMENT F, LDF (RLIN)
d B:346316-Apr-1998
c ETC
b 31.5
Holdings
Withdrawn status Lost status Damaged status Not for loan Home library Current library Date acquired Vendor Budget Code Cost, normal purchase price Bill number Full call number Barcode Date last seen Discount Cost, replacement price Bill Date Koha item type Original Barcode
Withdrawn       Cummins College of Engineering for Women Pune Cummins College of Engineering for Women Pune 18/04/1998 Pradeep Book Distributors ETC 178.50 3463 004.165 CCEP-BK-8241 18/07/2023 31.5 210.00 16/04/1998 Books 008241